|
|
|
|
| LEADER |
01431nam a2200385 i 4500 |
| 001 |
29422 |
| 003 |
BD-DhAAL |
| 005 |
20150728101444.0 |
| 008 |
150728s2013 ii b 001 0deng d |
| 010 |
|
|
|a 2013319208
|
| 020 |
|
|
|a 9780198090441 (pbk.)
|
| 020 |
|
|
|a 0198090447 (pbk.)
|
| 025 |
|
|
|a I-E-2013-319208; 10-92
|
| 035 |
|
|
|a (OCoLC)ocn827846107
|
| 035 |
|
|
|a (OCoLC)827846107
|
| 037 |
|
|
|a Library of Congress -- New Delhi Overseas Office
|
| 040 |
|
|
|a DKAGE
|b eng
|c DKAGE
|d YDXCP
|d BTCTA
|d DLC
|e rda
|d DLC
|d BD-DhAAL
|
| 042 |
|
|
|a lccopycat
|a lcode
|
| 050 |
0 |
0 |
|a PK6490.Z5
|b A64 2013
|
| 082 |
0 |
4 |
|a 891.5512
|2 23
|
| 100 |
1 |
|
|a Algar, Hamid,
|e author.
|9 13274
|
| 245 |
1 |
0 |
|a Jami /
|c Hamid Algar.
|
| 250 |
|
|
|a First edition.
|
| 260 |
|
|
|a New Delhi :
|b Oxford University Press,
|c 2013 [second impression 2014].
|
| 300 |
|
|
|a viii, 152 pages ;
|c 22 cm.
|
| 490 |
0 |
|
|a Makers of Islamic civilization
|
| 500 |
|
|
|a "Oxford Centre for Islamic Studies."
|
| 504 |
|
|
|a Includes bibliographical references and index.
|
| 520 |
|
|
|a On the life and works of Jami, 1414-1492, Persian poet.
|
| 541 |
|
|
|e 29422
|
| 600 |
0 |
0 |
|a Jāmī,
|d 1414-1492
|x Criticism and interpretation.
|9 13275
|
| 710 |
2 |
|
|a Oxford Centre for Islamic Studies.
|9 13276
|
| 942 |
|
|
|2 ddc
|c BK
|
| 999 |
|
|
|c 35078
|d 35078
|
| 952 |
|
|
|0 0
|1 0
|2 ddc
|4 0
|6 891_551200000000000_ALG
|7 0
|9 54982
|a BRACUL
|b BRACUL
|c GEN
|d 2015-07-28
|l 0
|o 891.5512 ALG
|p 3010029422
|r 2015-07-28
|t 1
|w 2015-07-28
|y BK
|